Sports Quiz

Random Sports or Football Quiz

English Football 2014-15 Quiz Stats

 Plays Quiz not verified by Sporcle

Score 0/232 Timer 15:00
0 Plays Today
Hint Answer % Correct
Premier LeagueHull City
93.3%
Premier LeagueManchester City
90%
Premier LeagueChelsea
90%
Premier LeagueQueens Park Rangers
90%
Premier LeagueArsenal
86.7%
Premier LeagueTottenham Hotspur
86.7%
Premier LeagueManchester United
86.7%
Premier LeagueWest Ham United
86.7%
Premier LeagueLiverpool
86.7%
Premier LeagueSwansea City
86.7%
Premier LeagueNewcastle United
86.7%
Premier LeagueLeicester City
83.3%
Premier LeagueEverton
83.3%
Premier LeagueWest Bromwich Albion
83.3%
ChampionshipAFC Bournemouth
83.3%
Premier LeagueSunderland
83.3%
Premier LeagueBurnley
83.3%
Premier LeagueSouthampton
80%
ChampionshipWatford
80%
Premier LeagueCrystal Palace
80%
ChampionshipNorwich City
80%
ChampionshipMiddlesbrough
80%
ChampionshipIpswich Town
80%
ChampionshipCardiff City
80%
League OneSheffield United
80%
Premier LeagueStoke City
76.7%
ChampionshipSheffield Wednesday
76.7%
ChampionshipBlackburn Rovers
76.7%
ChampionshipBolton Wanderers
76.7%
ChampionshipWigan Athletic
76.7%
League TwoPortsmouth
76.7%
Premier LeagueAston Villa
73.3%
ChampionshipLeeds United
73.3%
ChampionshipWolverhampton Wanderers
73.3%
ChampionshipNottingham Forest
73.3%
ChampionshipReading
73.3%
League OneBristol City
73.3%
ChampionshipFulham
73.3%
ChampionshipBlackpool
73.3%
ChampionshipBirmingham City
70%
ChampionshipMillwall
70%
League TwoBury
70%
Conference PremierBristol Rovers
70%
League TwoAFC Wimbledon
70%
League OneLeyton Orient
70%
League TwoYork City
70%
ChampionshipBrighton and Hove Albion
66.7%
ChampionshipDerby County
66.7%
ChampionshipHuddersfield Town
66.7%
ChampionshipRotherham United
66.7%
ChampionshipCharlton Athletic
66.7%
League OneMilton Keynes Dons
66.7%
League OneDoncaster Rovers
66.7%
League TwoCambridge United
66.7%
League OnePreston North End
63.3%
League OneBradford City
63.3%
League OneBarnsley
63.3%
League OneScunthorpe United
63.3%
League TwoNorthampton Town
63.3%
League TwoOxford United
63.3%
League TwoAccrington Stanley
63.3%
League TwoCarlisle United
63.3%
League TwoLuton Town
63.3%
League TwoExeter City
63.3%
League TwoHartlepool United
63.3%
League OneYeovil Town
63.3%
Conference PremierGrimsby Town
63.3%
Conference PremierChester
63.3%
League OneWalsall
60%
League OneCoventry City
60%
League OneGillingham
60%
League OneSwindon Town
60%
League OneOldham Athletic
60%
League OneChesterfield
60%
League OneFleetwood Town
60%
League TwoWycombe Wanderers
60%
Conference PremierBarnet
60%
League OneNotts County
60%
Hint Answer % Correct
League TwoTranmere Rovers
60%
Conference PremierWrexham
60%
Conference PremierTorquay United
60%
ChampionshipBrentford
56.7%
League TwoBurton Albion
56.7%
League OnePort Vale
56.7%
League OneColchester United
56.7%
League OneCrewe Alexandra
56.7%
League TwoPlymouth Argyle
56.7%
League TwoCheltenham Town
56.7%
Conference PremierDover Athletic
56.7%
Conference PremierMacclesfield Town
56.7%
League TwoSouthend United
53.3%
League TwoMorecambe
53.3%
League TwoNewport County
53.3%
League TwoDagenham and Redbridge
53.3%
Conference PremierForest Green Rovers
53.3%
Conference PremierEastleigh
53.3%
Conference NorthBoston United
53.3%
Conference SouthBath City
53.3%
League OneRochdale
50%
League OnePeterborough United
50%
League TwoShrewsbury Town
50%
League TwoMansfield Town
50%
Conference PremierAldershot Town
50%
Conference PremierSouthport
50%
Conference NorthStockport County
50%
Conference PremierDartford
50%
Southern League PremierHereford United
50%
League TwoStevenage
46.7%
League OneCrawley Town
46.7%
Conference PremierGateshead
46.7%
Conference PremierWoking
46.7%
Conference PremierLincoln City
46.7%
Conference PremierKidderminster Harriers
46.7%
Conference PremierBraintree Town
43.3%
Conference NorthBarrow
43.3%
Conference PremierHalifax Town
43.3%
Conference NorthSolihull Moors
43.3%
Conference NorthGloucester City
43.3%
Isthmian League PremierMaidstone United
43.3%
Conference SouthMaidenhead United
43.3%
Conference SouthWeston-super-Mare
43.3%
Conference SouthBoreham Wood
40%
Conference PremierAltrincham
40%
Conference NorthOxford City
40%
Conference SouthEastbourne Borough
40%
Conference SouthSt. Albans City
40%
Conference SouthBromley
36.7%
Conference NorthGuiseley
36.7%
Conference PremierNuneaton Town
36.7%
Northern Premier LeagueFC United of Manchester
36.7%
Conference NorthBradford Park Avenue
36.7%
Conference PremierWelling United
33.3%
Conference NorthHarrogate Town
33.3%
Conference PremierAlfreton Town
33.3%
Conference NorthWorcester City
33.3%
Conference SouthEbbsfleet United
33.3%
Conference SouthHemel Hempstead Town
33.3%
Conference SouthBishop's Stortford
33.3%
Conference SouthChelmsford City
33.3%
Isthmian League PremierMargate
33.3%
Conference SouthHavant and Waterlooville
33.3%
Conference SouthBasingstoke Town
33.3%
Northern Premier LeagueBlyth Spartans
33.3%
Conference SouthSalisbury City
33.3%
Conference PremierTelford United
30%
Southern League PremierTruro City
30%
Conference SouthGosport Borough
30%
Conference SouthWealdstone
30%
Conference NorthHyde United
30%
Southern League PremierWeymouth
30%
Conference NorthNorth Ferriby United
26.7%
Conference NorthFylde
26.7%
Northern Premier LeagueWorkington
26.7%
Northern Premier LeagueMatlock Town
26.7%
Southern League PremierPoole Town
26.7%
Southern League PremierRedditch United
26.7%
Hint Answer % Correct
Southern League PremierDorchester Town
26.7%
Isthmian League PremierEast Thurrock United
26.7%
Isthmian League PremierMetropolitan Police
26.7%
Isthmian League PremierLewes
26.7%
Northern Premier LeagueCurzon Ashton
23.3%
Conference NorthStalybridge Celtic
23.3%
Conference NorthGainsborough Trinity
23.3%
Conference NorthBrackley Town
23.3%
Conference SouthSutton United
23.3%
Northern Premier LeagueAshton United
23.3%
Northern Premier LeagueFrickley Athletic
23.3%
Northern Premier LeagueIlkeston
23.3%
Conference NorthColwyn Bay
23.3%
Southern League PremierChippenham Town
23.3%
Southern League PremierSlough Town
23.3%
Southern League PremierCambridge City
23.3%
Isthmian League PremierBognor Regis Town
23.3%
Conference SouthStaines Town
23.3%
Conference SouthFarnborough
23.3%
Conference NorthTamworth
20%
Conference NorthLowestoft Town
20%
Northern Premier LeagueMarine
20%
Northern Premier LeagueKing's Lynn Town
20%
Isthmian League PremierEnfield Town
20%
Isthmian League PremierBillericay Town
20%
Isthmian League PremierGrays Athletic
20%
Conference NorthChorley
16.7%
Southern League PremierCorby Town
16.7%
Conference SouthConcord Rangers
16.7%
Conference SouthHayes and Yeading United
16.7%
Northern Premier LeagueBuxton
16.7%
Northern Premier LeagueHalesowen Town
16.7%
Southern League PremierSt. Neots Town
16.7%
Southern League PremierHiston
16.7%
Isthmian League PremierHampton and Richmond Borough
16.7%
Isthmian League PremierKingstonian
16.7%
Isthmian League PremierHendon
16.7%
Northern Premier LeagueSkelmersdale United
13.3%
Northern Premier LeagueGrantham Town
13.3%
Northern Premier LeagueStamford
13.3%
Northern Premier LeagueRamsbottom United
13.3%
Southern League PremierHitchin Town
13.3%
Southern League PremierHungerford Town
13.3%
Conference NorthLeamington
13.3%
Isthmian League PremierDulwich Hamlet
13.3%
Isthmian League PremierLeiston
13.3%
Isthmian League PremierLeatherhead
13.3%
Isthmian League PremierHarrow Borough
13.3%
Conference NorthHednesford Town
10%
Northern Premier LeagueStourbridge
10%
Southern League PremierBanbury United
10%
Southern League PremierCirencester Town
10%
Isthmian League PremierBury Town
10%
Conference SouthWhitehawk
6.7%
Northern Premier LeagueWitton Albion
6.7%
Northern Premier LeagueNanwtich Town
6.7%
Northern Premier LeagueBelper Town
6.7%
Northern Premier LeagueWhitby Town
6.7%
Southern League PremierChesham United
6.7%
Southern League PremierDunstable Town
6.7%
Southern League PremierBiggleswade Town
6.7%
Southern League PremierFrome Town
6.7%
Southern League PremierBurnham
6.7%
Isthmian League PremierTonbridge Angels
6.7%
Isthmian League PremierPeacehaven & Telscombe
6.7%
Isthmian League PremierWingate and Finchley
6.7%
Isthmian League PremierCanvey Island
6.7%
Isthmian League PremierHornchurch
6.7%
Northern Premier LeagueTrafford
3.3%
Northern Premier LeagueBarwell
3.3%
Northern Premier LeagueRushall Olympic
3.3%
Isthmian League PremierVCD Athletic
3.3%
Southern League PremierArlesey Town
3.3%
Southern League PremierBideford
3.3%
Southern League PremierPaulton Rovers
3.3%
Isthmian League PremierWitham Town
3.3%

You're not logged in!

Compare scores with friends on all Sporcle quizzes.
OR
Log In

Sporcle TV

Today on Sporcle TV


Watch our educational content, quiz creation guides, and fun videos on Sporcle TV.

Show Comments

Extras

Top Quizzes Today


Score Distribution

Your Account Isn't Verified!

In order to create a playlist on Sporcle, you need to verify the email address you used during registration. Go to your Sporcle Settings to finish the process.

Report this User

Report this user for behavior that violates our Community Guidelines.

Details: